03083nam a2200361 a 4500001000900000003000500009005001700014007000300031008004100034010001100075020002200086040002300108041002300131050002400154082002300178100001900201240007600220245013100296250001700427264005000444300007900494336002700573337002800600338002800628504002800656505081900684520104101503650002402544650004302568650002202611650004502633700004302678dia_4834CHAP20250617181746.0ta220117s2008 mx ado fr 001 0 spa d a175634 a978-970-10-6652-2 cCHAPamxchpuaerda aspabspafspaheng10aQD453.2 b.C43 200800220a541 bC43 20081 aChang, Raymond1 aPhysical chemistry for the chemical and biological sciences.lEspañol10aFisicoquímica para la ciencias químicas y biológicas /cRaymond Chang ; traductores Rosa Zugazagoitia Herranz...[et al.] a3a edición aMéxico :bMcGraw-Hill Interamericana,c2008 axvii,1018 páginas :bilustraciones, gráficas, diagramas, tablas, fotos 2rdacontentatextobtxt 2rdamediaano mediadobn 2rdacarrieravolumenbnc aIncluye bibliografías0 aPrefacio -- 1. Introducción -- 2. Leyes de los gases -- 3. Teoría cinética de los gases -- 4. La primera ley de la termodinámica -- 5. Segunda ley de la termodinámica -- 6. Las energías Gibbs y de Helmholtz y sus aplicaciones -- 7. Soluciones no electrolíticas -- 8. Soluciones electrolíticas -- 9. Equilibrio químico -- 10. Electroquímica -- 11. Ácidos y bases -- 12. Cinética química -- 13. Cinética enzimática -- 14. Mecánica cuántica y estructura atómica -- 15. El enlace químico -- 16. Fuerzas intermoleculares -- 17. Espectroscopia -- 18. Simetría molecular y actividad óptica -- 19. Fotoquímica y fotobiología -- 20. El estado sólido -- 21. El estado líquido -- 22. Macromoléculas -- 23. Termodinámica estática -- Apéndices -- Glosario -- Índices2 aEl texto tiene como objetivo cubrir los temas que se estudian en los primeros semestres de la carrera de Química y durante las carreras relacionadas con las ciencias biológicas, desarrollando todos los temas con un enfoque didáctico y con énfasis especial en la comprensión de los conceptos básicos y sus aplicaciones en los sistemas químicos y biológicos. La forma de abordar los temas coincide con las nuevas tendencias en la enseñanza académica. Por otra parte, el contenido está totalmente actualizado y contiene temas de extrema importancia actual que difícilmente se encuentran en otros libros de texto a nivel comprensible. Contiene apéndices con derivaciones matemáticas de ecuaciones y extensiones de los temas revisados en cada capítulo. Contiene la sección ¿ecuaciones clave?, repasando brevemente a las ecuaciones presentadas en cada capítulo. Aborda ampliamente el tema de termodinámica (3 capítulos), además de un capítulo sobre estadísticas de termodinámica. Leyes de gases.13aBioquímica 2atg13aQuímica, física y teórica 2atg13aBiochemistry2atg13aChemistry, physical and theoretical2atg1 aZugazagoitia Herranz, Rosaetraductora